000 00479nam a22001697a 4500
005 20170510110153.0
008 170510b xxu||||| |||| 00| 0 eng d
020 _a9789332556911
040 _cPK-LaUMT
082 _a610.28
_bCRO-B
100 _aCromwell, Leslie
245 _aBiomedical instrumentation and measurements /
_cLeslie Cromwell, Fred J. Weibell and Erich A. Pfeiffer
250 _a2nd ed.
260 _aNoida :
_bPearson,
_c2016
300 _a510 p.
942 _cBK
999 _c93325
_d93325